Paroles - C'est pas ma faute - Roméo et Juliette - Statistiques

Statistiques générales
  • Ce quiz a été pris 18 fois
  • Le résultat moyen est 184 sur 229
Statistiques - réponses
Paroles % Correct
Ce
100%
ce
100%
C'est
100%
faute
100%
faute,
100%
m'a
100%
ma
100%
pas
100%
de
89%
dois
89%
et
89%
Et
89%
fait
89%
fils
89%
Je
89%
je
89%
la
89%
le
89%
leur
89%
me
89%
obéissance
89%
Oh
89%
suis
89%
à
78%
autres,
78%
ça
78%
choix
78%
comme
78%
des
78%
dit
78%
du
78%
enfant
78%
eu,
78%
Fier
78%
guerre
78%
haine
78%
ils
78%
Les
78%
les
78%
mépris
78%
mes
78%
moi
78%
n'ai
78%
naissance
78%
Ne
78%
non
78%
non,
78%
On
78%
on
78%
ont
78%
parents
78%
que
78%
regardez
78%
sa
78%
Si
78%
Sont
78%
Tu
78%
tu
78%
un
78%
vengeance
78%
veulent
78%
violence
78%
vois
78%
aussi
67%
grandi
67%
j'ai
67%
l'ombre
67%
mienne
67%
mienne,
67%
plus
67%
Pour
67%
sentiments
67%
Seul,
67%
seul
67%
tout
67%
trahi
67%
volé
67%
voudras
67%
beaux
56%
Bien
56%
bien
56%
est
56%
L'enfance
56%
mis
56%
Quand
56%
souvenirs
56%
trop
56%
faux
44%
œillères,
44%
qu'on
44%
sombres,
44%
toujours
44%
troublante
44%
bras
22%
invente
22%
noirs,
22%
Aucun quiz correspondant
Distribution des résultats
% des personnes avec chaque résultat
Percentile par nombre de réponses
Votre historique - résultats
Vous n’avez pas pris ce quiz